The Beauty of business : a computer guide for women in direct selling

Bibliographic Details
Main Author: Kaplan, Cyndi
Format: Book
Published: Australia : Godiva Publishing , 1992
Subjects:

MARC

LEADER 00000cam a2200000 7i4500
001 0000004342
002 000004666
005 20000330.0
020 |a 0646108697 
090 0 0 |a 658.84   |b KAP 
100 1 |a Kaplan, Cyndi 
245 1 4 |a The Beauty of business :   |b a computer guide for women in direct selling   |c Cyndi Kaplan 
260 |a Australia :   |b Godiva Publishing ,   |c 1992 
300 |a 223p. ;   |c 23cm. 
650 0 0 |a Direct selling 
999 |a 037389   |b BUKU   |c PINJAMAN   |e PERPUSTAKAAN KOMUNITI PETALING JAYA